000 00628nam a2200229Ia 4500
003 OSt
005 20220928104346.0
006 a|||||r|||| 00| 0
007 ta
008 220927b |||||||| |||| 00| 0 eng d
024 _a56785
037 _cTextual
040 _aSDCL
_cSDCL
_beng
041 _2eng
_aeng
082 _aY15.73'N6, L4
100 _aJaneway Elizabeth
_9410107
245 0 _aBetween myth and morning
_b Women awakening
260 _aNew York
_b William Morrow
_c1974
300 _a279p
_ccm.
942 _hY15.73'N6, L4
_cTEXL
_2CC
999 _c725686
_d725686